00513nam a22002057a 450000500170000001000130001702000220003003500130005203700160006504000120008108200170009310000200011024500520013024600060018226000500018827000160023830000190025465000230027365000110029620170124110157.0 aA-612908 c00.00a8170583144 aA-612908 bCen Lib/Ret aDPLbEN a181.499bAUR aAurobindo, Sri  aInvitation and other poems /cby Sri Aurobindo  b  bSri Aurobindo Ashram TrustaPondichery c1993 bPondichery  a35p.c25cm(Hb) aIndian philosophy  aPoems